000 00620nam a2200229 i 4500
001 C2-0168715
003 PPAK
005 20180728091244.0
008 980719s1982 enka|||| ||||| | eng d
020 _a0600384713
040 _aPPAK
_beng
_cPPAK
_erda
082 0 4 _a937.06
_2 23
090 0 0 _a937.06
_bKIN
_dR
100 1 _aKing, Anthony,
_eauthor
245 1 0 _aArcheology of the Roman empire
264 1 _aLondon :
_bHamlyn ,
_c1982
300 _a192 pages :
_bcolour illustrations ;
_c30 cm
336 _2rdacontent
_atext
337 _2rdamedia
_aunmediated
338 _2rdacarrier
_avolume
942 _ddc
_cB
999 _c152844
_d152844